000 00604nam a2200229Ia 4500
003 OSt
005 20221005120025.0
006 a|||||r|||| 00| 0
007 ta
008 221004b |||||||| |||| 00| 0 eng d
024 _a70416
037 _cTextual
040 _aCRL
_cCRL
_beng
041 _2eng
_aeng
082 _aY1:1:5.2-4363z7, G7
100 _aKempers A J Barnet
_9628390
245 0 _aCultural relation between India and Java
260 _c1937
650 _aSOCIOLOGY
942 _hY1:1:5.2-4363z7, G7
_cTEXL
_2cc
999 _c1036599
_d1036599